Teología, literatura e identidad cultural en la América Latina y el Caribe /
Guardat en:
| Autor principal: | |
|---|---|
| Format: | Text |
| Etiquetes: |
Afegir etiqueta
Sense etiquetes, Sigues el primer a etiquetar aquest registre!
|
MARC
| LEADER | 00000 a a2200000 04500 | ||
|---|---|---|---|
| 001 | 44354 | ||
| 003 | |||
| 040 | |||
| 100 | |a Rivera Pagán, Luis | ||
| 245 | |a Teología, literatura e identidad cultural en la América Latina y el Caribe / |c Luis Rivera Pagán | ||
| 773 | |g número53 ( , 2009), páginas 24-35 | ||
| 999 | |c 34212 |d 34212 | ||
